| 000 | 00402nam a2200121Ia 4500 | ||
|---|---|---|---|
| 008 | 220217s9999 xx 000 0 und d | ||
| 245 | 0 | _aMethods of test for natural rubber. Part 13. Determination of colour. (NR: 14) (First Revision) | |
| 260 | _aNew Delhi | ||
| 260 |
_c1997 _bBureau of Indian Standards |
||
| 500 | _aStandard number: IS 3660 (Part 13) | ||
| 650 | _aColour determination | ||
| 942 | _cST | ||
| 999 |
_c73710 _d73710 |
||